| 000 | 00000nas 2200000za 4500 |
| 001 | 9.833497 |
| 003 | CaOODSP |
| 005 | 20200331054809 |
| 007 | ta |
| 008 | 160307c20159999oncar m # f0 |0eng|d |
| 022 | |a1485-7324 |
| 040 | |aCaOODSP|beng |
| 041 | |aeng|afre |
| 043 | |an-cn--- |
| 086 | 1 |aFA1-22|zFA1-2 |
| 110 | 1 |aCanada. |bOffice of the Auditor General. |
| 245 | 10|aReports of the Commissioner of the Environment and Sustainable Development. |
| 246 | 15|aRapports de la commissaire à l'environnement et au développement durable |
| 260 | |aOttawa : |bOffice of the Auditor General of Canada, |c[2015]- . |
| 310 | |aAnnual. |
| 546 | |aBilingual. |
| 710 | 1 |aCanada. |bCommissioner of the Environment and Sustainable Development. |
| 776 | 0#|tReports of the Commissioner of the Environment and Sustainable Development |w(CaOODSP)9.810424 |
| 785 | 00|tReports of the Commissioner of the Environment and Sustainable Development to the Parliament of Canada.|w(CaOODSP)9.842904 |
| 792 | |tRapports de la commissaire à l'environnement et au développement durable.|efre|w(CaOODSP)9.833498 |